000 00352nam a2200133Ia 4500
003 GCL
008 140319s9999 xx 000 0 ara d
040 _aGCL /
_cGCL
082 0 4 _a641.7
_bم ا
245 1 0 _aاطباق شهية لك ولاسرتك
260 _a[S.N] :
_bالمركز العربى الحديث ،
_c1988
300 _a352 ص
490 _a
999 _c59141
_d59141